00453nam a22001457a 450000500170000001000120001702000260002903700200005508200080007510000180008324500630010126000600016427000630022430000200028720260301160255.0 aBACEN26 a9789390974627c350.00 bPancy Publisher a000 aArya, Sanjeev aDSSSB TGT-PGT-PRT Previous Papers:bCommon Paper Part-1st/ aDelhibSports Publication Publisher & Distributorc2024 a7/26, Ground Floor, Ansari Road, Darya GanjbDelhie110002 a373p.c27cm(pb)